Top 100 Harry Potter hahmot mainintojen mukaan - Statistics

Yleistilastot
  • Tätä visaa on pelattu 1 961 kertaa
  • Keskiarvotulos 49 / 100
Vastaustilastot
# Vastaus % Oikein
18956 Harry Potter
100%
6464 Ron Weasley
99%
5486 Hermione Granger
98%
2421 Albus Dumbledore
96%
1797 Voldemort
93%
1956 Severus Kalkaros
92%
1198 Draco Malfoy
90%
771 Ginny Weasley
90%
821 George Weasley
89%
920 Fred Weasley
88%
2024 Rubeus Hagrid
88%
1471 Sirius Musta
88%
770 Minerva McGarmiwa
84%
190 James Potter
82%
127 Lily Potter
81%
864 Remus Lupin
80%
249 Lucius Malfoy
79%
356 Luna Lovekiva
79%
722 Molly Weasley
79%
810 Neville Longbottom
79%
116 Katie Bell
76%
780 Arthur Weasley
74%
220 Bellatrix Lestrange
69%
302 Bill Weasley
67%
469 Dobby
67%
467 Dudley Dursley
67%
486 Peter Piskuilan
67%
426 Percy Weasley
66%
583 Alastor "Villisilmä" Vauhkomieli
64%
314 Petunia Dursley
63%
530 Vernon Dursley
62%
215 Cho Chang
61%
637 Dolores Pimento
61%
353 Cedric Diggory
60%
89 Narcissa Malfoy
60%
179 Seamus Finnigan
60%
242 Nymfadora Tonks
59%
228 Gregory Goyle
58%
110 Charlie Weasley
57%
258 Fleur Delacour
57%
277 Viktor Krum
57%
493 Cornelius Toffee
56%
204 Hedwig
56%
212 Dean Thomas
55%
140 Filius Lipetit
51%
122 Quirinus Orave
50%
133 Parvati Patil
49%
90 Pomona Verso
49%
224 Vincent Crabbe
49%
262 Gilderoy Lockhart
48%
208 Oliver Wood
48%
262 Sibylla Punurmio
46%
123 Melkein päätön Nick
45%
288 Argus Voro
42%
141 Lavender Brown
42%
295 Bartemius Kyyry vanhempi
41%
432 Horatius Kuhnusarvio
41%
135 Angelina Johnson
40%
162 Koukkujalka
38%
312 Oljo
37%
106 Kingsley Kahlesalpa
36%
68 Pansy Parkinson
34%
136 Hiinokka
33%
119 Murjottava Myrtti
32%
102 Fenrir Harmaaselkä
31%
117 Garrick Ollivander
31%
156 Poppy Pomfrey
31%
188 Rita Luodiko
31%
70 Salazar Luihuinen
31%
63 Godrick Rohkelikko
29%
165 Igor Irkoroff
29%
76 Amos Diggory
27%
77 Colin Creevey
27%
124 Ksenofilius Lovekiva
27%
109 Lee Jordan
27%
72 Lihava Leidi
27%
164 Riesu
27%
162 Winky
27%
79 Aberforth Dumbledore
26%
73 Marge Dursley
26%
112 Olympe Maxime
26%
105 Tora
25%
153 Rufus Rymistyir
24%
140 Lujahaka
23%
246 Ludovic Bagman
21%
147 Mundungus Fletcher
21%
77 Bathilda Bagshot
20%
75 Firenze
18%
73 Gellert Grindelwald
17%
75 Ruaah
17%
64 Fawkes
15%
68 Lomen Kolkko
15%
85 Stanley Pikitie
15%
73 Cormac McLaggen
14%
63 Frank Bryce
14%
63 Morfin Kolkko
13%
92 Ernest Macmillan
12%
89 Phineas Nigellus Musta
12%
68 Bob Ogden
11%
62 Elfias Doze
11%
Ehtoja vastaavia visoja ei löytynyt
Tulosjakauma
Jokaisen tuloksen saaneiden osuus
Persentiili vastausten määrän mukaan
Tuloshistoriasi
Et ole pelannut tätä visaa